[Event "Offene Thüringer Seniorenmeisterschaft"]
[Site "Apolda"]
[Date "2024.02.22"]
[Round "7.3"]
[White "Schott, Guido"]
[Black "Berghof, Axel"]
[Result "0-1"]
[WhiteElo "2047"]
[BlackElo "2078"]
[PlyCount "62"]
[EventDate "2024.??.??"]
[WhiteTeam "SV Hennef 1927 e.V."]
[BlackTeam "SC Suhl"]

1. c4 e5 2. Nc3 Nc6 3. Nf3 g6 4. e3 Bg7 5. d4 d6 6. dxe5 Nxe5 7. Nxe5 Bxe5 8.
Qc2 Ne7 9. Bd2 O-O 10. Be2 a6 11. O-O Nf5 12. f4 Bg7 13. Rae1 Re8 14. Nd1 Bd7
15. Bd3 c6 16. Bxf5 Bxf5 17. e4 Rxe4 18. Rxe4 d5 19. Nf2 Bxe4 20. Nxe4 dxe4 21.
Be3 Qd7 22. Rd1 Qe6 23. b3 Bf6 24. h3 h5 25. Kf2 Qf5 26. Ke2 Rd8 27. Rxd8+ Bxd8
28. Qd2 Bc7 29. a4 Kh7 30. Qe1 Bxf4 31. Qf2 Bxe3 0-1

[Event "Offene Thüringer Seniorenmeisterschaft"]
[Site "Apolda"]
[Date "2024.02.22"]
[Round "7.4"]
[White "Brandes, Stephan"]
[Black "Prüfer, Friedbert"]
[Result "0-1"]
[WhiteElo "2128"]
[BlackElo "2209"]
[PlyCount "80"]
[EventDate "2024.??.??"]
[WhiteTeam "Hildesheimer SV"]
[BlackTeam "TSG 1861 Taucha"]

1. e4 d5 2. exd5 Qxd5 3. Nc3 Qd6 4. g3 Nf6 5. h3 Bd7 6. Bg2 Bc6 7. Nf3 g6 8.
O-O Bg7 9. Qe2 O-O 10. Re1 e6 11. Nb5 Qd8 12. a4 Ne8 13. Qe3 Nd7 14. Nbd4 Bd5
15. d3 c5 16. Nb5 Bc6 17. h4 a6 18. Nc3 Nd6 19. Ne4 Nf5 20. Qe2 h6 21. c3 Qe7
22. d4 cxd4 23. Nxd4 Nxd4 24. cxd4 Qb4 25. Bf4 Qxd4 26. Rad1 Qxa4 27. b3 Qxb3
28. Rb1 Qa4 29. Bd6 Rfe8 30. Rb4 Qa5 31. Rd1 Rac8 32. Rbb1 Bb5 33. Qf3 Bc6 34.
Qe3 Bxe4 35. Bxe4 Nc5 36. Bc2 Qc3 37. Qe2 b5 38. h5 Nb7 39. Rbc1 Nxd6 40. Rxd6
Qe5 0-1

[Event "Offene Thüringer Seniorenmeisterschaft"]
[Site "Apolda"]
[Date "2024.02.22"]
[Round "7.5"]
[White "Zipfel, Frank"]
[Black "Brüggemann, Joachim"]
[Result "1/2-1/2"]
[WhiteElo "2146"]
[BlackElo "2277"]
[PlyCount "39"]
[EventDate "2024.??.??"]
[WhiteTeam "fuß brothers Jena"]
[BlackTeam "Erfurter SK"]

1. e4 c5 2. Nf3 d6 3. d4 cxd4 4. Nxd4 Nf6 5. Nc3 a6 6. Be2 e5 7. Nb3 Be7 8. O-O
O-O 9. Be3 Be6 10. Qd2 b5 11. a4 b4 12. Nd5 Bxd5 13. exd5 a5 14. Rfd1 Nbd7 15.
Bb5 Nb6 16. Bc6 Ra7 17. Qe2 Qc7 18. Nd2 Nfxd5 19. Bxd5 Nxd5 20. Bxa7 1/2-1/2

[Event "Offene Thüringer Seniorenmeisterschaft"]
[Site "Apolda"]
[Date "2024.02.22"]
[Round "7.6"]
[White "Feld-Gerdes, Wolfgang"]
[Black "Heck, Norbert"]
[Result "0-1"]
[WhiteElo "2097"]
[BlackElo "2019"]
[PlyCount "92"]
[EventDate "2024.??.??"]
[WhiteTeam "SC Suhl"]
[BlackTeam "SF Neuberg"]

1. e4 c5 2. Nf3 a6 3. g3 Nc6 4. Bg2 d6 5. O-O Nf6 6. d3 g6 7. b3 Bg7 8. Bb2 O-O
9. Nbd2 Re8 10. d4 cxd4 11. Nxd4 Qc7 12. Nxc6 bxc6 13. c4 Nxe4 14. Bxg7 Nxd2
15. Qxd2 Kxg7 16. Rad1 Be6 17. h4 h5 18. Rfe1 Bf5 19. Qd4+ Kh7 20. Qf4 e5 21.
Qg5 Kg7 22. Rd2 Rad8 23. Red1 Bg4 24. Rc1 e4 25. Qf4 Qe7 26. Qe3 Qe5 27. Re1 f5
28. Kh2 Qc5 29. Qc3+ Qe5 30. Qe3 c5 31. Rd5 Qf6 32. Qf4 Re5 33. Rd2 Rde8 34.
Re3 R5e6 35. Bh1 Qe5 36. Qxe5+ dxe5 37. Rd5 Rc8 38. f3 exf3 39. Bxf3 e4 40.
Bxg4 hxg4 41. Kg2 Kf6 42. Kf2 g5 43. hxg5+ Kxg5 44. Re1 Rh8 45. Kg2 Reh6 46.
Rxe4 Rh1 0-1

[Event "Offene Thüringer Seniorenmeisterschaft"]
[Site "Apolda"]
[Date "2024.02.22"]
[Round "7.9"]
[White "Heller, Achim"]
[Black "Waltenberger, Udo"]
[Result "1-0"]
[WhiteElo "2037"]
[BlackElo "1987"]
[PlyCount "97"]
[EventDate "2024.??.??"]
[WhiteTeam "SG Ennepe-Ruhr-Süd e.V."]
[BlackTeam "SV Eiche Reichenbrand"]

1. d4 Nf6 2. Nf3 g6 3. c4 Bg7 4. e3 O-O 5. Be2 d5 6. cxd5 Nxd5 7. e4 Nb6 8. O-O
Bg4 9. Nbd2 Nc6 10. d5 Ne5 11. Nxe5 Bxe2 12. Qxe2 Bxe5 13. Rd1 Qd7 14. Nf3 Bg7
15. Nd4 Rfd8 16. Be3 Rac8 17. Rac1 a6 18. b3 Qe8 19. Rd3 e6 20. dxe6 fxe6 21.
Rcd1 c5 22. Nf3 Rxd3 23. Qxd3 Bf6 24. Bg5 Bxg5 25. Nxg5 Rc7 26. Qh3 Re7 27. f4
Nd7 28. e5 Nf8 29. Ne4 Qb5 30. Qe3 Rc7 31. Qd2 Kg7 32. h4 c4 33. Nd6 Qc5+ 34.
Qd4 Qxd4+ 35. Rxd4 Kg8 36. Ne8 Rc6 37. Nf6+ Kf7 38. Rxc4 Rxc4 39. bxc4 Ke7 40.
g4 Kd8 41. Kf2 Kc7 42. Ke3 Kc6 43. Kd4 b5 44. cxb5+ Kxb5 45. Kc3 a5 46. h5 a4
47. a3 Kc5 48. h6 g5 49. Ne4+ 1-0

[Event "Offene Thüringer Seniorenmeisterschaft"]
[Site "Apolda"]
[Date "2024.02.22"]
[Round "7.10"]
[White "Witte, Ronald"]
[Black "Sielicki, Tomasz"]
[Result "1/2-1/2"]
[WhiteElo "1994"]
[BlackElo "1975"]
[PlyCount "30"]
[EventDate "2024.??.??"]
[WhiteTeam "BSV 63 Chemie Weißensee"]
[BlackTeam "Trojan Horse Warsaw"]

1. d4 d5 2. Nf3 c5 3. c4 e6 4. cxd5 exd5 5. g3 Nc6 6. Bg2 Nf6 7. O-O c4 8. b3
Bb4 9. Bb2 cxb3 10. Qxb3 O-O 11. Ne5 Qb6 12. Nxc6 bxc6 13. Nc3 Ba6 14. Qc2 Rfe8
15. Rab1 Qa5 1/2-1/2

[Event "Offene Thüringer Seniorenmeisterschaft"]
[Site "Apolda"]
[Date "2024.02.22"]
[Round "7.11"]
[White "Krüger, Erich"]
[Black "Gast, Rainer"]
[Result "1-0"]
[WhiteElo "2137"]
[BlackElo "1929"]
[PlyCount "43"]
[EventDate "2024.??.??"]
[WhiteTeam "SF Essen-Katernberg 04/32 e.V."]
[BlackTeam "SV Breitenworbis"]

1. d4 Nf6 2. c4 e6 3. Nc3 d5 4. cxd5 exd5 5. Bg5 Be7 6. e3 O-O 7. Bd3 h6 8. Bf4
Bd6 9. Nge2 Re8 10. O-O c6 11. Qc2 Be6 12. Rab1 Bxf4 13. Nxf4 Nbd7 14. b4 a6
15. Na4 Re7 16. Nc5 Nxc5 17. bxc5 Qc7 18. Rb2 Rd8 19. Nxe6 fxe6 20. f4 Qc8 21.
Rfb1 Rdd7 22. Bxa6 1-0

[Event "Offene Thüringer Seniorenmeisterschaft"]
[Site "Apolda"]
[Date "2024.02.22"]
[Round "7.12"]
[White "Von Otte, Wilhelm"]
[Black "Lehmann, Joachim"]
[Result "1-0"]
[WhiteElo "2103"]
[BlackElo "1886"]
[PlyCount "65"]
[EventDate "2024.??.??"]
[WhiteTeam "TSG Ruhla"]
[BlackTeam "Ilmenauer SV"]

1. e4 e6 2. d4 d5 3. Nc3 Nf6 4. Bd3 dxe4 5. Nxe4 Nbd7 6. Qe2 Be7 7. Nf3 O-O 8.
Bg5 h6 9. Bd2 Nxe4 10. Bxe4 Nf6 11. Bd3 c5 12. dxc5 Bxc5 13. O-O-O Qc7 14. g3
a6 15. Kb1 b5 16. Rhg1 Bb7 17. Ne5 Rad8 18. g4 Rd5 19. g5 Qxe5 20. Qxe5 Rxe5
21. gxf6 g5 22. Bc3 Rd5 23. Rdf1 b4 24. Bd2 Kh8 25. h4 Re5 26. hxg5 a5 27. Bf4
Rd5 28. g6 fxg6 29. Rxg6 Rh5 30. Bxh6 Rd8 31. f7 Rh1 32. Rxh1 Bxh1 33. Bg5 1-0

[Event "Offene Thüringer Seniorenmeisterschaft"]
[Site "Apolda"]
[Date "2024.02.22"]
[Round "7.13"]
[White "Wünsch, Ulrich"]
[Black "Haubt, Georg"]
[Result "1-0"]
[WhiteElo "1936"]
[BlackElo "2051"]
[PlyCount "109"]
[EventDate "2024.??.??"]
[WhiteTeam "USG Chemnitz"]
[BlackTeam "SV Oberursel"]

1. d4 Nf6 2. Nc3 d6 3. Bf4 Bf5 4. f3 Nbd7 5. e4 Bg6 6. Be3 e5 7. d5 c6 8. dxc6
bxc6 9. Bc4 Nb6 10. Bb3 d5 11. Bxb6 Qxb6 12. exd5 Bc5 13. Kf1 Rd8 14. Qe2 Bd4
15. dxc6 O-O 16. Qc4 Bxg1 17. Rxg1 Rd2 18. Nd1 Rfd8 19. c7 Rc8 20. Qc3 Rd4 21.
Ne3 Rxc7 22. Qe1 Rcd7 23. Nc4 Qa6 24. Qe2 e4 25. f4 Nd5 26. g3 Rxc4 27. Bxc4
Qxc4 28. Qxc4 Ne3+ 29. Ke2 Nxc4 30. b3 Na3 31. Rac1 Nb5 32. c4 Nc7 33. g4 f5
34. Rcd1 Rxd1 35. Rxd1 Ne6 36. Ke3 fxg4 37. Rd7 a6 38. b4 h5 39. Rd6 Bf5 40.
Rxa6 h4 41. Rd6 g5 42. fxg5 Kf7 43. a4 Ke7 44. Rd5 Ng7 45. a5 g3 46. hxg3 hxg3
47. a6 Bc8 48. b5 Ne6 49. Rd2 Nxg5 50. Rg2 Kd6 51. Rxg3 Ne6 52. Rg8 Kc7 53. a7
Bb7 54. a8=Q Bxa8 55. Rxa8 1-0

[Event "Offene Thüringer Seniorenmeisterschaft"]
[Site "Apolda"]
[Date "2024.02.22"]
[Round "7.14"]
[White "Rost, Detlef"]
[Black "Stern, Geoffrey"]
[Result "1-0"]
[WhiteElo "1894"]
[BlackElo "1967"]
[PlyCount "95"]
[EventDate "2024.??.??"]
[WhiteTeam "SV Medizin Erfurt"]
[BlackTeam "Gambit Bonnevoie"]

1. d4 d5 2. c4 e6 3. Nf3 Nf6 4. Bg5 Nbd7 5. e3 c6 6. Nc3 Qa5 7. Bxf6 Nxf6 8.
Qc2 Be7 9. Bd3 dxc4 10. Bxc4 O-O 11. O-O c5 12. a3 cxd4 13. Nxd4 a6 14. Be2 Bd7
15. Bf3 Qc7 16. Rac1 Rac8 17. Qb3 b5 18. Nd5 Qd6 19. Nxe7+ Qxe7 20. Bb7 Rxc1
21. Rxc1 Qd6 22. Qc3 e5 23. Nf3 Re8 24. Qc7 Qxc7 25. Rxc7 a5 26. h3 h6 27. Bc6
Bxc6 28. Rxc6 e4 29. Nd4 b4 30. Nf5 Re5 31. Nxh6+ gxh6 32. Rxf6 bxa3 33. bxa3
Rb5 34. Rxh6 Rb3 35. Rh4 Rxa3 36. Rxe4 a4 37. Kh2 Kg7 38. Kg3 Ra1 39. f3 a3 40.
Ra4 Kg6 41. Ra5 f6 42. e4 a2 43. Kg4 Kf7 44. Ra6 Kg7 45. Kf5 Kh7 46. Kxf6 Kh6
47. Ra8 Kh7 48. e5 1-0

[Event "Offene Thüringer Seniorenmeisterschaft"]
[Site "Apolda"]
[Date "2024.02.22"]
[Round "7.15"]
[White "Schmid, Walter"]
[Black "Paus, Franz"]
[Result "0-1"]
[WhiteElo "1730"]
[BlackElo "1958"]
[PlyCount "102"]
[EventDate "2024.??.??"]
[WhiteTeam "TSG Apolda"]
[BlackTeam "Schachfüchse Kempen 1986 e.V."]

1. e4 d6 2. d4 g6 3. c3 Bg7 4. Bd3 c6 5. Nf3 Nd7 6. O-O e5 7. h3 Ne7 8. Re1 h6
9. Na3 Qc7 10. Nc2 Nf6 11. dxe5 dxe5 12. Ne3 Nh5 13. Nf1 Be6 14. Qe2 O-O 15.
Bc4 Qc8 16. Bxe6 Qxe6 17. g4 Nf4 18. Bxf4 exf4 19. Nd4 Qe5 20. Nd2 Rad8 21.
N2f3 Qc7 22. Qc4 Qb6 23. Qb3 c5 24. Qxb6 axb6 25. Nb5 Rd3 26. Kg2 Rfd8 27. Re2
Nc6 28. Rc1 Ne5 29. Nxe5 Bxe5 30. f3 Ra8 31. Na3 Bxc3 32. Rxc3 Rxc3 33. bxc3
Rxa3 34. Rc2 Kf8 35. Kf2 Ke7 36. Ke2 c4 37. Kd2 Ra8 38. Rb2 Rd8+ 39. Ke2 Rd3
40. Rxb6 Re3+ 41. Kf2 Rxc3 42. Rxb7+ Ke6 43. a4 Ra3 44. Ke1 Ra2 45. Rb4 c3 46.
Rc4 Kf6 47. h4 Ke6 48. h5 gxh5 49. gxh5 Kd6 50. Rc8 Rxa4 51. Rh8 Ra1+ 0-1

[Event "Offene Thüringer Seniorenmeisterschaft"]
[Site "Apolda"]
[Date "2024.02.22"]
[Round "7.16"]
[White "Dötzel, Hartwig"]
[Black "Brettschneider, Karl"]
[Result "1/2-1/2"]
[WhiteElo "1794"]
[BlackElo "1936"]
[PlyCount "138"]
[EventDate "2024.??.??"]
[WhiteTeam "USV TU Dresden"]
[BlackTeam "SC Leinfelden"]

1. e4 c5 2. Nf3 Nc6 3. d4 cxd4 4. Nxd4 e5 5. Nb5 a6 6. Nd6+ Bxd6 7. Qxd6 Qf6 8.
Qxf6 Nxf6 9. Nc3 Nb4 10. Bd3 d5 11. exd5 Nbxd5 12. Nxd5 Nxd5 13. O-O O-O 14.
Re1 f6 15. Bc4 Rd8 16. f4 exf4 17. Bxf4 b5 18. Bb3 Kf8 19. Rad1 Bb7 20. Bxd5
Bxd5 21. a3 Kf7 22. Rd2 Rd7 23. Red1 Rad8 24. Kf2 Ke6 25. Re1+ Kf5 26. Be3 Be4
27. Rxd7 Rxd7 28. c3 h5 29. Bd4 g5 30. h3 Bd5 31. Rd1 Bc4 32. Rd2 Re7 33. Be3
Re6 34. g3 a5 35. Rd4 Re4 36. Rd8 Re6 37. Rd4 a4 38. g4+ Kg6 39. Kf3 Bf1 40.
Rd5 Re5 41. Rxe5 fxe5 42. gxh5+ Kxh5 43. Ke4 Kh4 44. Kxe5 Bxh3 45. c4 bxc4 46.
Kd4 Be6 47. Kc3 g4 48. Kb4 Kg3 49. Kxa4 Kf3 50. Bg1 Ke2 51. Kb4 Kd3 52. a4 Kc2
53. Bd4 Kd3 54. Bg1 g3 55. a5 Bd5 56. a6 g2 57. Kc5 Bf3 58. Kb6 Kc2 59. Bd4 Kd3
60. Bg1 Ke2 61. Kc7 Kf1 62. Bd4 g1=Q 63. Bxg1 Kxg1 64. a7 Kf2 65. Kb8 Ke2 66.
a8=Q Bxa8 67. Kxa8 Kd2 68. Kb7 Kc2 69. Kc6 Kxb2 1/2-1/2

[Event "Offene Thüringer Seniorenmeisterschaft"]
[Site "Apolda"]
[Date "2024.02.22"]
[Round "7.17"]
[White "Klein, Gernot"]
[Black "Pfitzer, Norbert"]
[Result "0-1"]
[WhiteElo "1680"]
[BlackElo "2044"]
[Annotator "Ruether,Rudolf"]
[PlyCount "103"]
[EventDate "2024.??.??"]
[WhiteTeam "Post-Telekom SV 1925 Aachen e.V."]
[BlackTeam "SV Backnang"]

1. e4 d6 2. Nc3 g6 3. f4 Bg7 4. Nf3 c5 5. Bc4 Nc6 6. O-O Nf6 7. d3 O-O 8. Qe1
Nd7 9. Qh4 e6 10. Qg3 Nb6 11. Bb3 d5 12. a3 Na5 13. Ba2 c4 14. e5 Bd7 15. d4
Nc6 16. Nd1 Ne7 17. Ne3 Nf5 18. Nxf5 exf5 19. Bd2 Re8 20. Rfe1 Be6 21. c3 Nd7
22. Bb1 Nf8 23. Bc2 b5 24. Kh1 a5 25. h3 f6 26. Qf2 Nd7 27. Rg1 Rf8 28. Raf1
Qb6 29. Qe2 Rae8 30. Kh2 Rf7 31. g4 fxg4 32. hxg4 fxe5 33. Ng5 Rff8 34. fxe5
Rxf1 35. Rxf1 Rf8 36. Rxf8+ Nxf8 37. Qf3 h6 38. Nxe6 Qxe6 39. Bd1 Nd7 40. Be2
Nb6 41. Bf1 Qf7 42. Qg2 Bf8 43. Be2 Bg7 44. Bf3 Kf8 45. Be3 Ke7 46. Bd2 Kd7 47.
Qh3 Kc6 48. Bxh6 Bxh6 49. Qxh6 Qxf3 50. Qxg6+ Kb7 51. e6 Qe2+ 52. Kg3 {Rest
unleserlich, 0-1 nach 67 Zügen} 0-1

[Event "Offene Thüringer Seniorenmeisterschaft"]
[Site "Apolda"]
[Date "2024.02.22"]
[Round "7.18"]
[White "Flis, Pawel"]
[Black "Reimers, Christine"]
[Result "1-0"]
[WhiteElo "1932"]
[BlackElo "1605"]
[PlyCount "39"]
[EventDate "2024.??.??"]
[WhiteTeam "RPW Okucia Budowlane Lodz"]
[BlackTeam "Itzehoer SV von 1923"]

1. e4 d6 2. d4 Nf6 3. Nc3 g6 4. Nf3 Bg7 5. Be3 O-O 6. Qd2 a5 7. h3 c6 8. Bd3 b5
9. O-O Qc7 10. Bh6 b4 11. Ne2 e5 12. c3 Na6 13. Ng3 c5 14. Rac1 bxc3 15. bxc3
c4 16. Bc2 Bb7 17. Rb1 Rfd8 18. Bxg7 Kxg7 19. Qg5 Rh8 20. Nf5+ 1-0

[Event "Offene Thüringer Seniorenmeisterschaft"]
[Site "Apolda"]
[Date "2024.02.22"]
[Round "7.19"]
[White "Schreyer, Klaus"]
[Black "Stetefeldt, Mario"]
[Result "0-1"]
[WhiteElo "1842"]
[BlackElo "1550"]
[Annotator "Ruether,Rudolf"]
[PlyCount "73"]
[EventDate "2024.??.??"]
[WhiteTeam "SV 1910 Kahla"]
[BlackTeam "SC 1998 Gotha"]

1. e4 c5 2. Nf3 e6 3. g3 g6 4. Bg2 Bg7 5. O-O Ne7 6. d3 Nbc6 7. c3 O-O 8. Re1
d6 9. Be3 b6 10. d4 Rb8 11. Qd2 Ba6 12. Bh6 cxd4 13. cxd4 d5 14. Bxg7 Kxg7 15.
Nc3 Bb7 16. Rad1 Na5 17. b3 Qd7 18. Ne5 Qd8 19. Ng4 Ng8 20. e5 Ba6 21. h4 h5
22. Nh2 Nh6 23. Nf3 Rc8 24. Ne2 Qe7 25. Ng5 Rc7 26. Nf4 Rfc8 27. Rc1 Nc6 28.
Bh3 Nf5 29. Bxf5 gxf5 30. Nxh5+ Kg6 31. Nf6 Rh8 32. Qf4 Nb8 33. Nh3 Kg7 34.
Rxc7 Qxc7 35. Rc1 Qd8 36. Ng5 Nd7 37. Ngh7 {Zeitüberschreitung} 0-1

[Event "Offene Thüringer Seniorenmeisterschaft"]
[Site "Apolda"]
[Date "2024.02.22"]
[Round "7.21"]
[White "Schmidt, Matthias"]
[Black "Lein, Andreas"]
[Result "1-0"]
[WhiteElo "1888"]
[BlackElo "1709"]
[PlyCount "141"]
[EventDate "2024.??.??"]
[WhiteTeam "SC Wolfratshausen 1948 e.V."]
[BlackTeam "Erfurter SK"]

1. d4 f5 2. c4 g6 3. Nf3 Nf6 4. g3 Bg7 5. Bg2 O-O 6. O-O d6 7. Nc3 c6 8. Rb1
Na6 9. b4 Nc7 10. Qb3 Kh8 11. a4 Rb8 12. b5 cxb5 13. axb5 b6 14. Rd1 Qe8 15.
Ba3 Bb7 16. d5 Qf7 17. Qc2 h6 18. e3 Nd7 19. Nd4 Ne5 20. Nce2 g5 21. Nc6 Ra8
22. Bb2 Nd7 23. Bxg7+ Qxg7 24. Qb2 Qxb2 25. Rxb2 Rfe8 26. Ned4 Bxc6 27. Nxc6 a6
28. Nd4 Ne5 29. bxa6 Rxa6 30. Nxf5 Nxc4 31. Rc2 b5 32. Nxh6 Kh7 33. Nf5 Rea8
34. Nxe7 Ra1 35. Be4+ Kh6 36. Rcc1 Rxc1 37. Rxc1 Ne8 38. Nf5+ Kh5 39. Nd4 Nd2
40. Bd3 b4 41. Be2+ Kh6 42. Bd1 Ra2 43. Nb3 Nf6 44. Nxd2 Rxd2 45. Bf3 Nxd5 46.
Bxd5 Rxd5 47. Rb1 Rb5 48. Rb3 g4 49. f4 gxf3 50. Kf2 Kg5 51. Kxf3 Kf5 52. h4
Ke5 53. Ke2 Kd5 54. Kd3 Kc5 55. Rb1 Ra5 56. Rc1+ Kd5 57. Rb1 Ra3+ 58. Ke2 Kc4
59. h5 b3 60. Rc1+ Kb4 61. Rc8 Ra2+ 62. Kd3 Ra5 63. g4 Ka3 64. h6 Ka2 65. h7 b2
66. Rb8 Ra3+ 67. Ke2 Rb3 68. Rxb3 Kxb3 69. h8=Q b1=Q 70. Qb8+ Ka2 71. Qxb1+ 1-0

[Event "Offene Thüringer Seniorenmeisterschaft"]
[Site "Apolda"]
[Date "2024.02.22"]
[Round "7.22"]
[White "Richter, Jürgen"]
[Black "Schmieder, Siegfried"]
[Result "1/2-1/2"]
[WhiteElo "1748"]
[BlackElo "1857"]
[PlyCount "26"]
[EventDate "2024.??.??"]
[WhiteTeam "SK Germania Kupferdreh 1924 e.V."]
[BlackTeam "SG Schwäbisch Gmünd 1872 e.V"]

1. Nc3 f5 2. e4 d6 3. d4 Nf6 4. Bd3 e6 5. e5 dxe5 6. dxe5 Nd5 7. f4 Nxc3 8.
bxc3 Bc5 9. Qh5+ g6 10. Qh6 Qe7 11. Nf3 Nc6 12. h4 Qf8 13. Qxf8+ Kxf8 1/2-1/2

[Event "Offene Thüringer Seniorenmeisterschaft"]
[Site "Apolda"]
[Date "2024.02.22"]
[Round "7.23"]
[White "Czyz, Andrzej"]
[Black "Mankus, Siegfried"]
[Result "1-0"]
[WhiteElo "1803"]
[BlackElo "1522"]
[PlyCount "87"]
[EventDate "2024.??.??"]
[WhiteTeam "Hetman Wschowa"]
[BlackTeam "Spvg Zabo-Eintracht Nürnberg e.V"]

1. e4 e6 2. d4 d5 3. Nd2 dxe4 4. Nxe4 Nd7 5. Bd3 Ngf6 6. Bg5 Be7 7. Ng3 h6 8.
Be3 b6 9. Nf3 Bb7 10. O-O O-O 11. Qe2 c5 12. Rad1 Qc7 13. c3 cxd4 14. Nxd4 Rfd8
15. Rfe1 Bf8 16. Nh5 Nxh5 17. Qxh5 Nf6 18. Qh3 Rd5 19. Be2 Qe7 20. Bf3 Ra5 21.
a3 Bxf3 22. Qxf3 Rd5 23. c4 Rdd8 24. Nc6 Qc7 25. Nxd8 Rxd8 26. Rxd8 Qxd8 27.
Rd1 Qc8 28. Rc1 Nd7 29. b4 Kh7 30. Qxf7 Ne5 31. Qf4 Ng6 32. Qe4 Qa6 33. h4 h5
34. g4 hxg4 35. h5 Qxa3 36. Qxg6+ Kh8 37. h6 Qxb4 38. hxg7+ Bxg7 39. Qe8+ Kh7
40. Kg2 Qf8 41. Rh1+ Kg8 42. Qxe6+ Qf7 43. Qxf7+ Kxf7 44. Kg3 1-0

[Event "Offene Thüringer Seniorenmeisterschaft"]
[Site "Apolda"]
[Date "2024.02.22"]
[Round "7.24"]
[White "Auerswald, Klaus"]
[Black "Geike, Eberhard"]
[Result "0-1"]
[WhiteElo "1669"]
[BlackElo "1743"]
[PlyCount "66"]
[EventDate "2024.??.??"]
[WhiteTeam "SV Jenapharm Jena"]
[BlackTeam "Telestar Berlin"]

1. e4 e5 2. Nf3 Nc6 3. d4 exd4 4. Bc4 Be7 5. O-O d6 6. Nxd4 Bd7 7. Nc3 Nf6 8.
Bf4 O-O 9. Re1 Ne5 10. Bb3 Re8 11. Nd5 c6 12. Nxe7+ Rxe7 13. Bg5 Bg4 14. f3 Be6
15. Bxf6 gxf6 16. Nxe6 fxe6 17. Qd2 b5 18. Rad1 d5 19. f4 Qb6+ 20. Kh1 Ng4 21.
Re2 Rd8 22. h3 Nh6 23. f5 Nf7 24. exd5 cxd5 25. Rxe6 Qc5 26. Rxf6 Re5 27. Qf4
Rde8 28. Qg4+ Kf8 29. Ra6 Re1+ 30. Rxe1 Rxe1+ 31. Kh2 Qg1+ 32. Kg3 Re3+ 33. Kh4
Re4 0-1